000 nam a22 7a 4500
999 _c10805
_d10805
008 180223b ||||| |||| 00| 0 eng d
100 _aKipling, R
_96644
245 _aThe jungle Books
260 _aNew Delhi
_bB N C Publication
_c2004